000 00769nam a2200265 4500
003 OSt
005 20260601193855.0
008 260507b1993 ||| |||| |||| 000 0 spa d
020 _a8479790865
020 _a9788479790868
040 _aICI
_bspa
_cICI
050 _aPQ6668.E44
_bH55
100 1 _aTello, Antonio
_932945
245 1 _aEl hijo del arquitecto
264 _bANAYA & Mario Muchnik
_c1993
_aEspaña
300 _a117 páginas
336 _atexto
_2rdacontent
337 _asin medio
_2rdamedia
338 _avolumen
_2rdacarrier
650 _aNovela española
_ySiglo XXI
_932946
650 _aArquitectos
_vNovela
_932947
650 _aRelaciones familiares
_vNovela
_932948
650 _aLiteratura española contemporánea
_932949
942 _2lcc
_cB
_n1
999 _c22025
_d22025